[Event "Quebec op U1700"]
[Site "Montreal"]
[Date "2012.07.22"]
[Round "2"]
[White "Achkar, Olivier"]
[Black "Reynaud, Frederic"]
[Result "0-1"]
[WhiteElo "1217"]
[BlackElo "1410"]
[PlyCount "108"]
[EventDate "2012.07.21"]
[EventType "swiss"]
[EventRounds "9"]
[EventCountry "CAN"]
[SourceTitle "EXT 2022"]
[Source "ChessBase"]
[SourceDate "2021.10.06"]
[SourceVersion "1"]
[SourceVersionDate "2021.10.06"]
[SourceQuality "1"]

1. d4 d5 2. c4 c6 3. e3 Bf5 4. Qb3 Qc7 5. Nc3 e6 6. cxd5 cxd5 7. a3 a6 8. Bd2 Nc6 9. Rc1 Nf6 10. Na2 Ne4 11. Bb4 Bxb4+ 12. Nxb4 0-0 13. Ne2 Qb6 14. Qa4 Nxb4 15. axb4 Rac8 16. f3 Rxc1+ 17. Nxc1 Qc7 18. Na2 Nd6 19. Nc3 Nc4 20. Bxc4 Qxc4 21. Kf2 Ra8 22. g4 Bg6 23. Ra1 e5 24. Rd1 e4 25. f4 f6 26. Qd7 Qxb4 27. Qxd5+ Bf7 28. Qc5 Qxb2+ 29. Kg3 Re8 30. Rb1 Qd2 31. d5 Bxd5 32. Qxd5+ Qxd5 33. Nxd5 Rb8 34. Nb4 Ra8 35. Nd5 b5 36. Nc3 Rb8 37. Nxe4 b4 38. Nc5 a5 39. h4 Rb5 40. Na4 b3 41. Nc3 Rb4 42. e4 a4 43. e5 a3 44. Ra1 Rc4 45. Nd1 b2 46. Nxb2 axb2 47. Rb1 Rb4 48. Kf3 fxe5 49. fxe5 Kf7 50. Ke2 Ke6 51. Kd2 Kxe5 52. Kc3 Rb7 53. Kc2 Kf4 54. g5 Kg4 0-1